000
00315nam a2200133Ia 4500
008
191201s2010 xx 000 0 und d
100
_a
RAJASEKARAN,S
245
0
_a
Neural Networks and Fuzzy Logic
250
_a
14 th printing
260
_c
2010
_b
PHI
_a
N. Delhi
300
_a
435
650
_a
CSE
942
_2
ddc
_c
BB
999
_c
7419
_d
7419